000
00365nam a2200145Ia 4500
008
100122s9999 xx 000 0 und d
082
_b
16954
_a
823
100
_a
शेळके उध्दव ज
245
_a
आग
260
_b
अस्मिता प्रकाशन
_c
1971
300
_a
102
630
_a
आग
730
_a
आग
942
_c
BOOK
999
_c
406791
_d
406788